| 000 | 01224cam a2200253 4500 | ||
|---|---|---|---|
| 001 | X123011 | ||
| 008 | 030715n2003 000 0 eng u | ||
| 035 | _a(Sirsi) u123011 | ||
| 100 | _aPender, G. | ||
| 245 | _aFlooding and drainage | ||
| 260 | _c2003 | ||
| 490 |
_aSurveyor _v190(5735) 26 June 2003, 14-19(6) |
||
| 520 | _aThree articles on flooding and drainage. The first looks at the next generation of flood prediction computer models after recent floods highlighted the limitations of current models. The second examines the drainage problems as demand for paved areas increases. The final article returns to the issue of flooding and the flood alleviation scheme at Banbury, Oxfordshire. Includes a brief listing of mitigation methods, identified by the Environment Agency and the construction company, to remove or reduce any negative environmental impacts of the construction work involved. | ||
| 650 | _aFLOODING | ||
| 650 | _aFLOOD DEFENCES | ||
| 650 | _aFLOOD PREVENTION | ||
| 650 | _aCOMPUTER SOFTWARE | ||
| 650 | _aCAR USE | ||
| 650 | _aDRAINAGE | ||
| 650 | _aBANBURY | ||
| 650 | _aENVIRONMENTAL IMPACT | ||
| 690 | _aENVIRONMENTAL AND LAND CONSULTANCY-ENVIRONMENTAL MANAGEMENT | ||
| 942 | _n0 | ||
| 999 |
_c73047 _d73047 |
||